P. Mihók: Devalvácia by zdražila aj žiadúci dovoz moderných technológií

Obchodný deficit Slovenska za r.1996. Aktívne saldo obchodnej bilancie si Slovensko udržiava s väčšinou členských štátov CEFTA. V obchode s ČR začína Slovensko vykazovať pasívum. Najvyššou dovoznou položkou sú energie. Potreba dovozu modernej technológie, zníženie spotreby energie. Nedostatočné proe...

Descrizione completa

Salvato in:
Dettagli Bibliografici
Autore principale: Mihók, P.
Altri autori: Švec, P.
Natura: Capitolo di libro
Lingua:slovacco
Soggetti:
Tags: Aggiungi Tag
Nessun Tag, puoi essere il primo ad aggiungerne!!

MARC

LEADER 00000naa a2200000 4500
001 r026098
005 20230921080443.8
041 0 |a slo 
044 |a SK 
245 1 0 |a P. Mihók: Devalvácia by zdražila aj žiadúci dovoz moderných technológií  |c P. Mihók, P. Švec 
520 |a Obchodný deficit Slovenska za r.1996. Aktívne saldo obchodnej bilancie si Slovensko udržiava s väčšinou členských štátov CEFTA. V obchode s ČR začína Slovensko vykazovať pasívum. Najvyššou dovoznou položkou sú energie. Potreba dovozu modernej technológie, zníženie spotreby energie. Nedostatočné proexportné opatrenia zo strany vlády. 
610 2 0 |a vývoz 
610 2 0 |a dovoz 
610 2 0 |a technológie nové 
610 2 0 |a devalvácia 
610 2 0 |a obchod zahraničný 
610 2 0 |a energia 
610 2 0 |a bilancia obchodná 
610 2 0 |a deficit 
610 2 0 |a Slovensko 
610 2 0 |a Česko 
610 2 0 |a podpora vývozu 
610 2 0 |a 1996 
100 1 |a Mihók, P. 
700 1 |a Švec, P.